00741nam a2200205Ia 4500003000900000008004100009020001800050040001600068080001800084245013100102260002500233300001500258490003500273650004400308650002600352700003800378942000700416999001700423952009500440IN-BaIIA211028s9999 xx 000 0 eng d a0-85296-865-5 cIIA Library a546.682 bPRO 0aProperties of lattice - matched and strained indium gallium arsenidecedited by Pallab Bhattacharya  aLondonbINSPECc1993 axxi, 317p. aEMIS datareviews series; no. 8 aGallium arsenide semiconductors.931348 aIndium alloys.931349 aBhattacharya, Pallab .,ed.931350 cBK c16785d16785 00104070aBANbBANcGENd2008-03-08l0o546.682 / PROp17707r2021-11-05w2008-03-08yBK